Mengejar impian

Bibliographic Details
Main Author: Saloma Mat Lajis
Format: Book
Published: Selangor : Mika Cemerlang Sdn. Bhd. , 2007
Series:Siri mutiara budi
Subjects:

MARC

LEADER 00000cam a2200000 7i4500
001 0000069731
005 20170201.0
008 170201
020 |a 9789833447527 
020 |a 983344749X (set) 
020 |a 983344752X 
090 0 0 |a JF   |b MAL 
100 1 |a Saloma Mat Lajis 
245 1 0 |a Mengejar impian   |c Saloma Mat Lajis 
260 |a Selangor :   |b Mika Cemerlang Sdn. Bhd. ,   |c 2007 
300 |a 130pg. :   |b Col.ill 
490 1 |a Siri mutiara budi 
650 0 |a Malay fiction 
999 |a 0001076352   |b Book   |c Children Collection   |e Cawangan Segamat 
999 |a 0001076588   |b Book   |c Children Collection   |e Cawangan Taman Universiti